000 00748nam a2200289Ia 4500
005 20260324123317.0
008 008 260324s9999 xx 000 0 eng d
020 _a9781315556000
037 _aEBOOK
040 _aCRL
040 _beng
040 _cCRL
041 _2eng
041 _aeng
084 _qCRL
100 _aWilliam Reger; Tonio Andrade
_91169825
245 4 _aThe Limits of Empire: European Imperial Formations in Early Modern World History
245 0 _bEssays in Honor of Geoffrey Parker
260 _bTaylor and Francis
260 _c2012
365 _a
365 _b240
856 _uhttp://www.taylorfrancis.com/books/9781315556000
942 _cEBOOK
999 _c1763236
_d1763236